Rain World - All Creatures - Statistics

General Stats
  • This quiz has been taken 235 times
    234 since last reset
  • The average score is 47 of 67
Answer Stats
Regions Answer % Correct
Outskirts, Industrial Complex, Drainage System, Garbage Wastes, Farm Arrays, Subterranean, Outer Expanse Green Lizard
98%
Industrial Complex, Chimney Canopy, Farm Arrays, The Exterior, Subterranean, Pipeyard, Submerged Superstructure, Outer Expanse, Waterfront Facility, Looks to the Moon, Undergrowth, Silent Construct Blue Lizard
97%
Outskirts, Industrial Complex, Garbage Wastes, Chimney Canopy, Sky Islands, Drainage System, Shaded Citadel, Pipeyard, Outer Expanse. Pink Lizard
93%
Outskirts, Industrial Complex, Rubicon Red Lizard
93%
Outskirts, Industrial Complex, Garbage Wastes, Drainage System, Shaded Citadel, Chimney Canopy, Sky Islands, Farm Arrays, Subterranean, Outer Expanse, Waterfront Facility, Submerged Superstructure, Metropolis Scavenger
92%
Industrial Complex, Garbage Wastes, Chimney Canopy, Sky Islands, Farm Arrays, Pipeyard, Submerged Superstructure, Outer Expanse, Waterfront Facility, Metropolis, Silent Construct Vulture
89%
Industrial Complex, Drainage System, Garbage Wastes, The Exterior, Chimney Canopy, Sky Islands, Subterranean, Pipeyard, Waterfront Facility, Metropolis, Looks to the Moon, Silent Construct, Rubicon Cyan Lizard
88%
The Exterior, Five Pebbles, Waterfront Facility, The Rot Daddy Long Legs
88%
Industrial Complex, Shoreline, The Exterior, Chimney Canopy, Sky Islands, Pipeyard, Outer Expanse, Submerged Superstructure, Waterfront Facility, Looks to the Moon, Silent Construct, Rubicon White Lizard
88%
The Exterior, Sky Islands, Pipeyard, Submerged Superstructure, Metropolis, Looks to the Moon, Silent Construct, Rubicon Yellow Lizard
86%
Shaded Citadel, Subterranean, Pipeyard Black Lizard
85%
Garbage Wastes, The Rot, Silent Construct Brother Long Legs
85%
Shaded Citadel, Chimney Canopy, Subterranean, Farm Arrays, Pipeyard, Outer Expanse, Looks to the Moon, Silent Construct Big Spider
82%
Outskirts, Industrial Complex, Garbage Wastes, Subterranean, Farm Arrays, Chimney Canopy, Outer Expanse Caramel Lizard
82%
Outskirts, Industrial Complex, Chimney Canopy, Drainage System, Garbage Wastes, Subterranean, Farm Arrays, Pipeyard, Outer Expanse, Silent Construct Centipede
82%
Special Five Pebbles
82%
Outskirts, Industrial Complex, Garbage Wastes, Shoreline, The Exterior, Chimney Canopy, Sky Islands, Farm Arrays, Pipeyard, Waterfront Facility, Metropolis King Vulture
82%
Special Looks to the Moon
82%
The Rot Mother Long Legs
81%
Drainage System, Shoreline, Subterranean, Pipeyard, Waterfront Facility Salamander
80%
Farm Arrays Rain Deer
79%
Outskirts, Industrial Complex, Garbage Wastes, Chimney Canopy, Pipeyard Strawberry Lizard
77%
Outskirts, Industrial Complex, Garbage Wastes, Drainage System, Shoreline, Shaded Citadel, The Exterior, Chimney Canopy, Sky Islands, Farm Arrays, Subterranean, Undergrowth Batfly
75%
Shoreline, Subterranean, Submerged Superstructure, Rubicon Leviathan
75%
Industrial Complex, Drainage System, Garbage Wastes, Chimney Canopy, The Exterior, Sky Islands, Farm Arrays, Pipeyard, Waterfront Facility, Looks to the Moon, Undergrowth Pole Plant
75%
Industrial Complex Train Lizard
75%
Industrial Complex, Shoreline, Chimney Canopy, Drainage System, Undergrowth Eel Lizard
74%
Garbage Wastes, Subterranean, Pipeyard, Undergrowth, Silent Construct, Rubicon Red Centipede
74%
Shaded Citadel, Subterranean, Metropolis, Silent Construct, Rubicon Miros Bird
72%
Special Slugpup
72%
Outskirts, Garbage Wastes, Sky Islands, Farm Arrays, Pipeyard, Waterfront Facility, Metropolis, Rubicon Squidcada
72%
Garbage Wastes, Chimney Canopy, The Exterior, Metropolis Elite Scavenger
71%
Garbage Wastes, Shaded Citadel, The Exterior, Submerged Superstructure, Looks to the Moon, Rubicon Miros Vulture
70%
Shaded Citadel, The Exterior, Chimney Canopy, Farm Arrays, Subterranean, Pipeyard, Looks to the Moon, Silent Construct, Rubicon Spitter Spider
69%
Shoreline, Subterranean, Pipeyard, Waterfront Facility, Submerged Superstructure Jetfish
68%
Metropolis Chieftain Scavenger
67%
Shoreline, Submerged Superstructure, Waterfront Facility Jellyfish
67%
Special Void Worm
67%
Outskirts, Sky Islands, Farm Arrays, Chimney Canopy Noodlefly
66%
Industrial Complex, Garbage Wastes, Shoreline, Chimney Canopy Garbage Worm
65%
Drainage System, Shoreline, Shaded Citadel, Subterranean, Chimney Canopy, Pipeyard, Submerged Superstructure, Outer Expanse, Waterfront Facility, Undergrowth, Rubicon Monster Kelp
65%
Chimney Canopy, Subterranean, Looks to the Moon, Undergrowth Mother Spider
65%
Sky Islands, Pipeyard, Metropolis, Centiwing
63%
Outskirts, Industrial Complex, Drainage System, Garbage Wastes, Shaded Citadel, The Exterior, Chimney Canopy, Subterranean, Sky Islands, Pipeyard, Outer Expanse, Metropolis, Looks to the Moon, Undergrowth Dropwig
63%
Drainage System, Garbage Wastes, Waterfront Facility, Submerged Superstructure Red Leech
63%
Shoreline, Submerged Superstructure, Pipeyard Aquapede
62%
Drainage System, Garbage Wastes, Outer Expanse, Undergrowth Jungle Leech
62%
Shaded Citadel, Looks to the Moon, Silent Construct Lantern Mouse
62%
Special Guardian
61%
Outskirts, Farm Arrays, Subterranean, Outer Expanse Worm Grass
61%
Special Neuron Fly
60%
Garbage Wastes, Shoreline, Waterfront Facility, Submerged Superstructure Blue Leech
59%
Five Pebbles, Metropolis, Looks to the Moon Inspector
56%
Farm Arrays, Subterranean, Outer Expanse Yeek
56%
Shaded Citadel, Farm Arrays, Sky Islands, Pipeyard, Outer Expanse, Metropolis Eggbug
55%
Rubicon Firebug
55%
Garbage Wastes, Drainage System, Shoreline, Chimney Canopy, Waterfront Facility, Undergrowth, Rubicon Snail
55%
Shaded Citadel, Metropolis, Looks to the Moon Coalescipede
53%
Submerged Superstructure Giant Jellyfish
53%
Special Echo
49%
Industrial Complex, Garbage Wastes, Chimney Canopy, Farm Arrays Vulture Grub
49%
Special Overseer
48%
Special Sliver of Straw
47%
Chimney Canopy, Subterranean, Pipeyard, Outer Expanse, Undergrowth Stowaway
46%
Special Hunter Long Legs
42%
The Exterior, Chimney Canopy, Metropolis Grappling Worm
40%
Industrial Complex, Garbage Wastes, Shoreline, Drainage System, Farm Arrays Hazer
40%
No matching quizzes found
Score Distribution
Percent of People with Each Score
Percentile by Number Answered
Your Score History
You have not taken this quiz since the last reset